000 00367nam a2200145Ia 4500
008 210210b1971 xxu||||| |||| 00| 0 eng d
020 _a202 30087
082 _a301 MITH
100 _aMITCHELL (G Duncan).
245 _aHundred years of sociology.
260 _aChicago
_bAldine Publishing Co.,
_c1971
300 _axiii,310
690 _aSociology
906 _a041091
999 _c90817
_d90817